[Event "Druzynowe Mistrzostwa Polski Juniorow - I Liga 2023"]
[Site "Lublin"]
[Date "1899-12-30"]
[Round "6.29"]
[White "Skolska, Emilia"]
[Black "Tim, Anna"]
[Result "1-0"]
[WhiteTitle "I++"]
[BlackTitle "I"]
[WhiteElo "1689"]
[BlackElo "1254"]

1. e4 c5 2. Nc3 Nc6 3. f4 g6 4. Nf3 Bg7 5. Bb5 Nd4 6. O-O a6 7. Bd3 e6 8. e5 Nxf3+
9. Qxf3 d5 10. Qf2 Qc7 11. a4 Ne7 12. a5 O-O 13. b3 Bd7 14. Na4 Bxa4 15. Rxa4
Rfc8 16. Bb2 b5 17. axb6 Qxb6 18. Kh1 Rc6 19. g4 Nc8 20. Bc3 Qb7 21. Rfa1 Rb6
22. Kg1 Rc6 23. Qe2 Ne7 24. Bxa6 Qb6 25. Kh1 d4 26. Bb2 Nd5 27. Bb5 Rxa4 28. bxa4
Rc8 29. Rf1 Nb4 30. c3 dxc3 31. Bxc3 Nd5 32. Qe4 Qd8 33. Ra1 Nxc3 34. dxc3 Qa5
35. Qf3 Rd8 36. Qe3 Rc8 37. Rd1 Bf8 38. c4 Qa8+ 39. Kg1 Qa5 40. Qe4 Qb6 41. Rd7
Rd8 42. Qd3 Rxd7 43. Bxd7 Qb2 44. Qe3 Qb1+ 45. Kf2 Qb2+ 46. Kg3 Qb7 47. Bb5 Qc7
48. Qc3 Be7 49. a5 Bd8 50. a6 Qb8 51. Qd3 Bb6 52. Qd7 Ba7 53. Kf3 Kf8 54. Ke3
Kg8 55. Kd3 h6 56. Kc2 Kf8 57. Kb3 Kg8 58. Ka4 Kf8 59. Qb7 Kg8 60. Bc6 Kf8 61.
Kb5 h5 62. gxh5 gxh5 63. Qxb8+ Bxb8 64. Kxc5 Ke7 65. Kb6 f6 66. Kb7 1-0

[Event "Druzynowe Mistrzostwa Polski Juniorow - I Liga 2023"]
[Site "Lublin"]
[Date "1899-12-30"]
[Round "6.30"]
[White "Kochanowska, Patrycja"]
[Black "Tokarz, Gabriela"]
[Result "0-1"]
[WhiteTitle "I+"]
[BlackTitle "I++"]
[WhiteElo "1454"]
[BlackElo "1549"]

1. e4 c5 2. Nf3 Nc6 3. d4 cxd4 4. Nxd4 Nf6 5. Nc3 e5 6. Nb3 Bb4 7. Bd3 d5 8. exd5
Nxd5 9. Bd2 Nxc3 10. Bxc3 Bxc3+ 11. bxc3 O-O 12. O-O Qg5 13. Qf3 Kh8 14. Be4 Nd8
15. Nc5 Qe7 16. Nb3 f5 17. Bd5 Be6 18. c4 Nf7 19. Rfe1 e4 20. Qc3 Rac8 21. Qb2
Rfd8 22. Rad1 Bxd5 23. cxd5 Qc7 24. Nd4 Qe5 25. Qxb7 Rc7 26. Qb3 Qxd5 27. g3 Rcd7
28. c3 Ne5 29. Qxd5 Rxd5 30. Rb1 g6 31. Rb7 Rc8 32. Rb3 a5 33. Reb1 Kg7 34. Ra3
Kh6 35. Kg2 Nc4 36. Ra4 Nd6 37. Rc1 Rdc5 38. Nb3 Rxc3 39. Rxc3 Rxc3 40. Rxa5 Rc2
41. a4 e3 42. Re5 Ne4 43. Nd4 Rxf2+ 44. Kg1 Rd2 45. Nf3 e2 46. g4 Rd1+ 47. Kg2
e1=Q 48. Nxe1 Rxe1 49. gxf5 gxf5 50. Rxf5 Ra1 51. a5 Kg6 52. Rb5 Ra2+ 53. Kg1
Ng5 54. Kh1 Nf3 55. Rb6+ Kg5 56. h4+ Kh5 57. Rb5+ Kxh4 58. Rb4+ Kg3 0-1

[Event "Druzynowe Mistrzostwa Polski Juniorow - I Liga 2023"]
[Site "Lublin"]
[Date "1899-12-30"]
[Round "6.31"]
[White "Dziendziel, Mateusz"]
[Black "Wydmanski, Szymon"]
[Result "0-1"]
[WhiteTitle "I++"]
[BlackTitle "I"]
[WhiteElo "2091"]
[BlackElo "1804"]

1. e4 c5 2. Nf3 Nc6 3. Bb5 g6 4. O-O Bg7 5. Bxc6 dxc6 6. d3 Nf6 7. a4 a5 8. Nbd2
O-O 9. Ra2 Nd7 10. b3 Qc7 11. Nc4 e5 12. Bb2 Rd8 13. Qa1 f6 14. Nh4 b5 15. axb5
cxb5 16. Nxa5 Nf8 17. Ra3 Ne6 18. Nc4 Rxa3 19. Nxa3 Bd7 20. Qd1 Bc6 21. Re1 Qe7
22. g3 Nd4 23. c3 Ne6 24. Qe2 Qd7 25. Rd1 Ng5 26. f3 f5 27. Bc1 Nh3+ 28. Kg2 fxe4
29. fxe4 g5 30. Nf3 Qg4 31. Qf1 Nf4+ 32. Kh1 Nxd3 33. Rxd3 Rxd3 34. Qxd3 Bxe4
35. Qe3 Qxf3+ 36. Qxf3 Bxf3+ 37. Kg1 Be2 38. Kf2 Bd3 39. Bxg5 b4 40. Nc4 bxc3
41. Be3 c2 42. Ke1 e4 43. Kd2 Bd4 44. Bf4 Kf7 45. Ne3 Ke6 46. Nxc2 Bxc2 47. Kxc2
Kf5 48. h3 Be5 49. Be3 Bxg3 50. Bxc5 Kf4 51. b4 Kf3 52. b5 e3 53. b6 e2 54. Bb4
e1=Q 55. Bxe1 Bxe1 56. b7 Bg3 57. Kd3 Bf4 58. h4 h5 59. Kd4 Kg3 60. Ke4 Kg4 61.
Kd3 Kxh4 62. Ke2 Kg3 63. Kf1 Kh2 64. Kf2 h4 65. Kf3 Bb8 66. Kf2 h3 67. Kf3 Kg1
0-1

[Event "Druzynowe Mistrzostwa Polski Juniorow - I Liga 2023"]
[Site "Lublin"]
[Date "1899-12-30"]
[Round "6.32"]
[White "Krupinski, Mikolaj"]
[Black "Bala, Bartosz"]
[Result "1-0"]
[WhiteTitle "I"]
[BlackTitle "II"]
[WhiteElo "1745"]
[BlackElo "1393"]

1. e4 e5 2. Nf3 Nc6 3. Bc4 Bc5 4. c3 Nf6 5. d3 d6 6. O-O a6 7. Bb3 h6 8. Re1 O-O
9. h3 Ba7 10. Nbd2 Ne7 11. Nf1 Ng6 12. Ng3 Be6 13. Be3 Bxe3 14. Rxe3 c6 15. Bc2
Qc7 16. d4 Bd7 17. Qd2 Rad8 18. Rd1 Bc8 19. dxe5 dxe5 20. Rd3 Rxd3 21. Qxd3 Re8
22. Bb3 Re7 23. Qd8+ Qxd8 24. Rxd8+ Re8 25. Rxe8+ Nxe8 26. Nf5 Kf8 27. g3 f6 28.
Kg2 Ne7 29. N3h4 Nxf5 30. Ng6# 1-0

[Event "Druzynowe Mistrzostwa Polski Juniorow - I Liga 2023"]
[Site "Lublin"]
[Date "1899-12-30"]
[Round "6.33"]
[White "Baran, Szymon"]
[Black "Kania, Franciszek"]
[Result "0-1"]
[WhiteTitle "II+"]
[BlackTitle "I"]
[WhiteElo "1343"]
[BlackElo "1831"]

1. e4 c5 2. Nf3 d6 3. d4 cxd4 4. Nxd4 Nf6 5. Nc3 a6 6. Bg5 e6 7. f4 h6 8. Bh4 Be7
9. Qf3 Qc7 10. O-O-O Nbd7 11. Bxf6 Bxf6 12. h4 h5 13. g4 hxg4 14. Qxg4 Nc5 15.
Qg3 Bd7 16. f5 O-O-O 17. Kb1 Kb8 18. Bg2 Rc8 19. fxe6 fxe6 20. Nce2 Qb6 21. Nb3
Be5 22. Qe3 Bxb2 23. Qd2 Be5 24. Qa5 Qa7 25. Rh3 Rhf8 26. Rf3 Rxf3 27. Bxf3 Nxb3
28. axb3 Qf2 29. Bg4 Qg2 30. Rg1 Qxe4 31. Qd2 a5 32. Nc1 a4 33. Qd3 Qb4 0-1

[Event "Druzynowe Mistrzostwa Polski Juniorow - I Liga 2023"]
[Site "Lublin"]
[Date "1899-12-30"]
[Round "6.34"]
[White "Gruca, Karol"]
[Black "Figa, Karolina"]
[Result "1/2-1/2"]
[WhiteTitle "II+"]
[BlackTitle "I++"]
[WhiteElo "1484"]
[BlackElo "1391"]

1. e4 c6 2. d4 d5 3. f3 dxe4 4. fxe4 Qb6 5. Nf3 Bg4 6. c3 e5 7. Bc4 Qc7 8. O-O
Bd6 9. h3 Bh5 10. Be3 Nf6 11. Nbd2 O-O 12. Qc2 Re8 13. Nh4 b5 14. Bd3 Bg6 15.
Bg5 Nbd7 16. Nf5 exd4 17. cxd4 Bxf5 18. Rxf5 Bh2+ 19. Kh1 Nh5 20. Nf1 Bf4 21.
Bxf4 Nxf4 22. Qd2 Nxd3 23. Qxd3 Nf6 24. Ng3 Rad8 25. Rd1 Qd7 26. Qf3 Qe6 27. d5
cxd5 28. exd5 Qd6 29. Nh5 Nxh5 30. Rxh5 a6 31. Rh4 Re5 32. Rhd4 Rde8 33. Qf1 Re2
34. R4d2 R2e3 35. Rd3 Re2 1/2-1/2

[Event "Druzynowe Mistrzostwa Polski Juniorow - I Liga 2023"]
[Site "Lublin"]
[Date "1899-12-30"]
[Round "6.35"]
[White "Obrochta, Lena"]
[Black "Bar, Klaudia"]
[Result "1-0"]
[WhiteTitle "I++"]
[BlackTitle "I++"]
[WhiteElo "1639"]
[BlackElo "1840"]

1. e4 c5 2. Nf3 Nc6 3. d4 cxd4 4. Nxd4 e5 5. Nb5 d6 6. c4 Be6 7. N1c3 a6 8. Na3
g6 9. Nc2 Bg7 10. Be3 Nge7 11. Qd2 f5 12. f3 fxe4 13. fxe4 O-O 14. Nd5 Bxd5 15.
cxd5 Nb8 16. Be2 Nd7 17. O-O-O Nc5 18. Bxc5 dxc5 19. Kb1 Qd6 20. h4 b5 21. h5
Rf6 22. Bg4 Rd8 23. Rh3 h6 24. hxg6 Rxg6 25. Ne3 c4 26. Qc1 Qf6 27. Rf1 Qd6 28.
Bf5 Rg5 29. Be6+ Kh7 30. Rfh1 Rf8 31. Ng4 Rg6 32. Rxh6+ Bxh6 33. Rxh6+ Kg7 34.
Rxg6+ Nxg6 35. Qh6# 1-0

[Event "Druzynowe Mistrzostwa Polski Juniorow - I Liga 2023"]
[Site "Lublin"]
[Date "1899-12-30"]
[Round "6.36"]
[White "Branka, Julia"]
[Black "Strzoda, Natalia"]
[Result "1-0"]
[WhiteTitle "I"]
[BlackTitle "I"]
[WhiteElo "1433"]
[BlackElo "1294"]

1. c4 e6 2. g3 d5 3. Bg2 c5 4. Nf3 Nf6 5. O-O Be7 6. b3 Nc6 7. Bb2 O-O 8. e3 dxc4
9. bxc4 Qb6 10. Qb3 Na5 11. Qxb6 axb6 12. Rc1 Rd8 13. d4 Bd7 14. Nbd2 Rac8 15.
Ba3 b5 16. cxb5 Bxb5 17. Bxc5 Bxc5 18. Rxc5 Rxc5 19. dxc5 Bc6 20. Nb3 Nxb3 21.
axb3 h6 22. Nd4 Bxg2 23. Kxg2 e5 24. Nf3 Rc8 25. Nxe5 Rxc5 26. Ra8+ Kh7 27. Nxf7
Rc3 28. Ra3 Rc2 29. Kf3 Nd5 30. Nd6 b6 31. Nb5 Rc5 32. Nd4 Kg6 33. Ra2 Nb4 34.
Ra4 Nd3 35. Ra6 Ne5+ 36. Kg2 Nd7 37. h4 Kh5 38. Ne6 Re5 39. Nf4+ Kg4 40. e4 1-0

[Event "Druzynowe Mistrzostwa Polski Juniorow - I Liga 2023"]
[Site "Lublin"]
[Date "1899-12-30"]
[Round "6.37"]
[White "Stypka, Sebastian"]
[Black "Pisarek, Jan"]
[Result "1-0"]
[WhiteTitle "II"]
[BlackTitle "I"]
[WhiteElo "1447"]
[BlackElo "1956"]

1. e4 c5 2. Nf3 Nc6 3. d4 cxd4 4. Nxd4 Nf6 5. Nc3 e5 6. Ndb5 d6 7. Nd5 Nxd5 8.
exd5 Nb8 9. c4 Be7 10. Be2 O-O 11. O-O a6 12. Nc3 f5 13. Qc2 Nd7 14. Kh1 g5 15.
f3 a5 16. Be3 b6 17. Rab1 f4 18. Bg1 Rf6 19. Ne4 Rh6 20. b4 axb4 21. Rxb4 Qe8
22. Rfb1 Ra7 23. Nf2 Bd8 24. Ng4 Rg6 25. Bd3 Rg7 26. Bf5 Kh8 27. Bxd7 Bxd7 28.
Bxb6 Ra8 29. Bxd8 Qxd8 30. Nh6 g4 31. Rb7 gxf3 32. gxf3 Qc8 33. Qb2 Rg6 34. Nf7+
Kg8 35. Nxd6 Rxd6 36. Qxe5 Qc5 37. Rg1+ Qxg1+ 38. Kxg1 Rg6+ 39. Kf1 Bh3+ 40. Ke2
Rxa2+ 41. Kd3 Bf1+ 42. Kd4 Rd2+ 43. Kc5 1-0

[Event "Druzynowe Mistrzostwa Polski Juniorow - I Liga 2023"]
[Site "Lublin"]
[Date "1899-12-30"]
[Round "6.38"]
[White "Duda, Leon"]
[Black "Walaszczyk, Mikolaj"]
[Result "1/2-1/2"]
[WhiteTitle "I"]
[BlackTitle "II"]
[WhiteElo "1555"]
[BlackElo "1476"]

1. e4 c5 2. Nf3 Nc6 3. Bb5 g6 4. O-O Bg7 5. Re1 Nf6 6. e5 Nd5 7. d3 O-O 8. c4 Nc7
9. Bxc6 dxc6 10. Nc3 Ne6 11. Be3 b6 12. Ne2 Qc7 13. d4 cxd4 14. Nexd4 Nxd4 15.
Bxd4 c5 16. Bc3 Bg4 17. h3 Rad8 18. Qe2 Bxf3 19. Qxf3 Rd7 20. Rad1 Rxd1 21. Qxd1
Rd8 22. Qf3 Qd7 23. Qe4 Qd3 24. Qb7 Qd7 25. Qe4 Qd3 26. Qf4 Qd7 27. Qg5 Qe6 28.
Qh4 Rd7 29. Qe4 Rd8 30. Kh2 Qd7 31. Qh4 Qe6 32. Re2 f6 33. Qf4 fxe5 34. Bxe5 Bxe5
35. Rxe5 Qd6 36. Qe3 Rf8 37. f4 e6 38. g3 Kf7 39. h4 Rd8 40. Qf3 Qd3 41. Qb7+
Rd7 42. Qc6 Rd6 43. Qc8 Qd1 1/2-1/2

[Event "Druzynowe Mistrzostwa Polski Juniorow - I Liga 2023"]
[Site "Lublin"]
[Date "1899-12-30"]
[Round "6.39"]
[White "Zmarzly, Wiktor"]
[Black "Niesyt, Michal"]
[Result "1-0"]
[WhiteTitle "I+"]
[BlackTitle "I"]
[WhiteElo "1818"]
[BlackElo "1564"]

1. c4 e6 2. Nc3 d5 3. cxd5 exd5 4. d4 Nf6 5. Bg5 Be7 6. e3 c6 7. Bd3 Nbd7 8. Nge2
O-O 9. O-O Re8 10. f3 Nf8 11. Bh4 Ng6 12. Bf2 c5 13. Rc1 cxd4 14. exd4 Bd7 15.
Nb5 Bc6 16. a4 a6 17. Nbc3 Rc8 18. Rb1 a5 19. Nb5 Qb6 20. Kh1 Bxb5 21. Bxb5 Red8
22. Be1 Bd6 23. b4 axb4 24. Bxb4 Bxb4 25. Rxb4 Qd6 26. Qb3 Nf4 27. g3 Ne6 28.
Bd3 h5 29. Rxb7 h4 30. a5 hxg3 31. hxg3 Ra8 32. a6 Rxa6 33. Bxa6 Qxa6 34. Rf2
Nxd4 35. Nxd4 Qa1+ 36. Qb1 Qxd4 37. Rb8 Re8 38. Re2 Qa4 39. Rexe8+ Nxe8 40. Qe1
Kf8 41. Qb4+ Qxb4 42. Rxb4 Nf6 43. Rb7 Kg8 44. Kg2 g5 45. g4 Kg7 46. Kf2 Nh7 47.
Rd7 Nf8 48. Rxd5 Ne6 49. Ke3 Kg6 50. Rd6 Kf6 51. Ke4 Ke7 52. Rb6 Kf6 53. Kd5 Ke7
54. Ke5 f6+ 55. Ke4 Kf7 56. Rb7+ Kg6 57. Kd5 Nf4+ 58. Kd6 Kh6 59. Ke7 Kg6 60.
Rb5 Kg7 61. Ra5 Ng6+ 62. Ke8 Ne5 63. Rxe5 fxe5 64. Ke7 e4 65. fxe4 1-0

[Event "Druzynowe Mistrzostwa Polski Juniorow - I Liga 2023"]
[Site "Lublin"]
[Date "1899-12-30"]
[Round "6.40"]
[White "Markowski, Tymon"]
[Black "Staniczek, Kacper"]
[Result "1/2-1/2"]
[WhiteTitle "II"]
[BlackTitle "I"]
[WhiteElo "1329"]
[BlackElo "1398"]

1. e4 e5 2. Nf3 Nc6 3. Nc3 Nf6 4. d4 exd4 5. Nxd4 Bc5 6. Be3 Bb6 7. Nxc6 bxc6 8.
Bxb6 axb6 9. Bc4 d6 10. O-O O-O 11. Re1 Ng4 12. f3 Ne5 13. Bb3 Qf6 14. Qe2 Ba6
15. Qf2 Ng6 16. g3 Rfe8 17. f4 Rad8 18. Rad1 Nf8 19. Qd4 Nd7 20. Qxf6 Nxf6 21.
e5 dxe5 22. Rxd8 Rxd8 23. Rxe5 Kf8 24. Re1 h5 25. h3 Bc8 26. Kg2 Rd4 27. Rd1 Rxd1
28. Nxd1 c5 29. Nc3 Bb7+ 30. Kf2 Ke7 31. Nb5 Ne4+ 32. Ke3 Nxg3 33. Nxc7 Nf5+ 34.
Kf2 Nd4 35. Ba4 Kd8 36. Nb5 Nxb5 37. Bxb5 h4 38. c3 Ke7 39. b4 cxb4 40. cxb4 Kd6
41. Bf1 Bc8 42. Bg2 Be6 43. a4 Bd7 44. a5 bxa5 45. bxa5 Kc5 46. Bf1 f6 47. Ke3
g5 48. a6 Kb6 49. fxg5 1/2-1/2

[Event "Druzynowe Mistrzostwa Polski Juniorow - I Liga 2023"]
[Site "Lublin"]
[Date "1899-12-30"]
[Round "6.41"]
[White "Lach, Alicja"]
[Black "Bialek, Alicja"]
[Result "1-0"]
[WhiteTitle "I"]
[BlackTitle "I"]
[WhiteElo "1164"]
[BlackElo "1503"]

1. e4 c5 2. Nf3 a6 3. d4 cxd4 4. Nxd4 Nf6 5. Nc3 e5 6. Nb3 Bb4 7. Bg5 h6 8. Bxf6
Bxc3+ 9. bxc3 Qxf6 10. Bc4 d6 11. Bd5 Nc6 12. O-O O-O 13. a4 Rd8 14. Qd2 Be6 15.
c4 Rab8 16. Rfd1 Qg6 17. f3 Ne7 18. Qb4 f5 19. Rd3 fxe4 20. fxe4 Bxd5 21. cxd5
Rdc8 22. Rg3 a5 23. Nxa5 Nxd5 24. exd5 Qxc2 25. Nb3 Rf8 26. Qd2 Qf5 27. h3 Rf6
28. Rf3 1-0

[Event "Druzynowe Mistrzostwa Polski Juniorow - I Liga 2023"]
[Site "Lublin"]
[Date "1899-12-30"]
[Round "6.42"]
[White "Gajda, Anna"]
[Black "Moczala, Maja"]
[Result "1/2-1/2"]
[WhiteTitle "I"]
[BlackTitle "I++"]
[WhiteElo "1243"]
[BlackElo "1651"]

1. e4 c5 2. Nf3 Nc6 3. Bb5 g6 4. O-O Bg7 5. d3 Nf6 6. Nc3 O-O 7. Be3 d6 8. Bxc6
bxc6 9. e5 Nd5 10. exd6 exd6 11. Nxd5 cxd5 12. Rb1 d4 13. Bf4 Bg4 14. h3 Be6 15.
b3 Bd5 16. Re1 Qd7 17. Nd2 f5 18. Nc4 Bxc4 19. dxc4 Rfe8 20. Qf3 Be5 21. Bxe5
dxe5 22. Rxe5 Rxe5 23. Qxa8+ Kg7 24. Qf3 Qe7 25. Kf1 Re4 26. a3 Qc7 27. g3 Qb7
28. Kg2 a5 29. c3 Qd7 30. Qd3 Qc6 31. Kg1 Qe6 32. cxd4 Rxd4 33. Qc3 Qe4 34. Re1
Qa8 35. Rd1 Qd8 36. Rxd4 cxd4 37. Qd3 Kf7 38. b4 axb4 39. axb4 Qb6 40. Qb3 Kf6
41. c5 Qb5 42. Qb2 Ke5 43. f4+ Ke4 44. Kf2 Kd5 45. Qb3+ Kc6 46. Qe6+ Kb7 47. Qd5+
Kc7 48. Qxd4 Qa4 49. Qd6+ Kc8 50. c6 Qc2+ 51. Ke1 Qc1+ 52. Ke2 Qc2+ 53. Ke3 Qc3+
54. Qd3 Qxc6 55. Qd4 Qc1+ 56. Qd2 Qg1+ 1/2-1/2

[Event "Druzynowe Mistrzostwa Polski Juniorow - I Liga 2023"]
[Site "Lublin"]
[Date "1899-12-30"]
[Round "6.43"]
[White "Borowik, Wojciech"]
[Black "Kazmierowski, Tymon"]
[Result "1/2-1/2"]
[WhiteTitle "I++"]
[BlackTitle "I++"]
[WhiteElo "1823"]
[BlackElo "1979"]

1. d4 Nf6 2. c4 e6 3. Nc3 Bb4 4. e3 O-O 5. Bd3 d5 6. Nf3 c5 7. O-O Nc6 8. a3 Bxc3
9. bxc3 Qc7 10. Qc2 dxc4 11. Bxc4 b6 12. Bd3 Na5 13. Ne5 Bb7 14. Bd2 Rfd8 15.
Rac1 c4 16. Be2 Ne4 17. Be1 f6 18. Ng4 Nb3 19. Rd1 h5 20. f3 Nd6 21. Nf2 Nf5 22.
Bd2 Nxd2 23. Qxd2 e5 24. Rfe1 Rac8 25. e4 Nd6 26. d5 Qc5 27. Bf1 b5 28. Qb2 a5
29. g3 Rc7 30. Bh3 Bc8 31. Be6+ Bxe6 32. dxe6 Re8 33. Rd5 Qc6 34. Red1 Rxe6 35.
a4 bxa4 36. Rxa5 Rb7 37. Qa3 Rb3 38. Qxa4 Qxa4 39. Rxa4 Nb5 40. Rxc4 Rxc3 41.
Rxc3 Nxc3 42. Rd2 Ra6 43. Rb2 Ra5 44. Nd3 Nb5 45. Nb4 Nd4 46. Kg2 Rb5 47. Nd3
Rxb2+ 48. Nxb2 Kf7 49. f4 exf4 50. gxf4 Ke6 51. Kf2 g5 52. Ke3 Nc2+ 53. Kf3 Nd4+
54. Ke3 Nc2+ 55. Kd2 Nd4 56. Ke3 1/2-1/2

[Event "Druzynowe Mistrzostwa Polski Juniorow - I Liga 2023"]
[Site "Lublin"]
[Date "1899-12-30"]
[Round "6.44"]
[White "Rylski, Tadeusz"]
[Black "Bartnik, Michal"]
[Result "1-0"]
[WhiteTitle "I+"]
[BlackTitle "I"]
[WhiteElo "1757"]
[BlackElo "1580"]

1. e4 e5 2. Nf3 Nc6 3. Bc4 Nf6 4. Ng5 d5 5. exd5 b5 6. dxc6 bxc4 7. Nc3 Ng4 8.
d3 cxd3 9. Qxd3 Qxd3 10. cxd3 Ba6 11. f3 Nf6 12. Be3 Bxd3 13. O-O-O Ba6 14. Nd5
Bd6 15. Ne4 Nxe4 16. fxe4 O-O 17. a4 Bc4 18. Kc2 a5 19. b3 Be2 20. Rd2 Bh5 21.
Kd3 Ra6 22. Rc1 Rb8 23. Rc3 f5 24. exf5 Bf7 25. Kc2 Be8 26. Bc5 Rxc6 27. Bxd6
Rxd6 28. Nxc7 Rxd2+ 29. Kxd2 Bd7 30. Ne6 Rb6 31. Rc5 Rxb3 32. Rxa5 Ra3 33. Ra7
Bxe6 34. fxe6 Kf8 35. a5 Ra2+ 36. Ke3 Rxg2 37. a6 Rxh2 38. Rf7+ Ke8 39. Rxg7 Ra2
40. a7 Kf8 41. Rxh7 Kg8 42. Rb7 Ra3+ 43. Ke4 Ra4+ 44. Kxe5 Ra5+ 45. Kf6 1-0

[Event "Druzynowe Mistrzostwa Polski Juniorow - I Liga 2023"]
[Site "Lublin"]
[Date "1899-12-30"]
[Round "6.45"]
[White "Jaszczuk, Piotr"]
[Black "Terkiewicz, Bruno"]
[Result "0-1"]
[WhiteTitle "II"]
[BlackTitle "I++"]
[WhiteElo "1619"]
[BlackElo "1873"]

1. e4 c5 2. Nf3 Nc6 3. d4 cxd4 4. Nxd4 e5 5. Nb5 d6 6. N1c3 a6 7. Na3 Be6 8. Nc4
Rb8 9. Ne3 Nf6 10. g3 h5 11. Bg2 h4 12. Ncd5 Bxd5 13. Nxd5 Nxd5 14. exd5 Ne7 15.
O-O hxg3 16. hxg3 g6 17. c4 Rc8 18. b3 Nf5 19. Qd3 Bg7 20. Bd2 Kf8 21. Rac1 a5
22. a3 Nd4 23. Be3 Bh6 24. b4 Bxe3 25. Qxe3 Nf5 26. Qc3 b6 27. f4 Nd4 28. Rce1
axb4 29. axb4 Qe7 30. fxe5 dxe5 31. Rf2 Rh5 32. Rc1 Rf5 33. Rd2 Qg5 34. Rcd1 Rxc4
35. Qa3 Kg7 36. d6 Qd8 37. Bd5 Rc8 38. Be4 Rf6 39. Qb2 Rxd6 40. Bg2 Qg5 41. Kh2
Rcd8 42. Rd3 Nf3+ 43. Rxf3 Rxd1 44. Rf2 Qh5+ 45. Bh3 Rh8 0-1

[Event "Druzynowe Mistrzostwa Polski Juniorow - I Liga 2023"]
[Site "Lublin"]
[Date "1899-12-30"]
[Round "6.46"]
[White "Rutkowski, Feliks"]
[Black "Toczylowski, Mateusz"]
[Result "1/2-1/2"]
[WhiteTitle "II"]
[BlackTitle "II"]
[WhiteElo "1431"]
[BlackElo "1140"]

1. c4 e6 2. g3 Nf6 3. Bg2 d5 4. Nf3 Be7 5. O-O O-O 6. b3 b6 7. Bb2 Nbd7 8. e3 Bb7
9. Nc3 Rc8 10. Rc1 c5 11. Qe2 a6 12. cxd5 exd5 13. d4 Re8 14. Rfd1 cxd4 15. Nxd4
Bc5 16. Na4 Bxd4 17. Bxd4 b5 18. Nc5 Nxc5 19. Bxc5 Re6 20. Bd4 Rec6 21. Rxc6 Bxc6
22. Bxf6 Qxf6 23. Bxd5 Bxd5 24. Rxd5 h6 25. Qd3 Qa1+ 26. Kg2 Qxa2 27. Qf5 Rf8
28. Rd3 Qc2 29. h4 Qc6+ 30. Kg1 Qc7 31. Kh2 Qc8 32. Rd7 Qc3 33. Qd5 Qf6 34. Kg2
Rc8 35. Rd6 Qe7 36. Rxa6 b4 37. Ra4 Rb8 38. Qd4 Qb7+ 39. Kh2 Qf3 40. Qf4 Qxf4
41. gxf4 Kf8 42. Ra7 g6 43. Kg3 Kg7 44. Ra6 Rb5 45. Rc6 f5 46. h5 gxh5 47. Rc4
Kf6 48. Rc6+ Kg7 49. Rc4 Kf6 1/2-1/2

[Event "Druzynowe Mistrzostwa Polski Juniorow - I Liga 2023"]
[Site "Lublin"]
[Date "1899-12-30"]
[Round "6.47"]
[White "Arciszewska, Zuzanna"]
[Black "Lukasik, Zuzanna"]
[Result "1/2-1/2"]
[WhiteTitle "I++"]
[BlackTitle "I++"]
[WhiteElo "1726"]
[BlackElo "1712"]

1. d4 Nf6 2. c4 e6 3. Nf3 Bb4+ 4. Bd2 Qe7 5. Qc2 Bxd2+ 6. Nbxd2 d6 7. e3 O-O 8.
Be2 e5 9. e4 c5 10. d5 Nh5 11. Nf1 g6 12. N3d2 Nf4 13. Bf3 Nd7 14. h4 Nf6 15.
Ne3 N4h5 16. O-O-O Ng7 17. g4 h5 18. Rdg1 hxg4 19. Nxg4 Nxg4 20. Bxg4 Bxg4 21.
Rxg4 Nh5 22. Nf1 Kg7 23. Ne3 Kh7 24. Rhg1 Rg8 25. Qe2 Nf4 26. Qf3 f6 27. Kb1 a6
28. Ng2 Nh5 29. Ne3 Nf4 30. Ng2 Nh5 31. Rh1 b5 32. Ne3 Nf4 33. Rg3 Raf8 34. h5
g5 35. Qg4 Kh8 36. Nf5 Qd7 37. Ra3 Ra8 38. Qf3 b4 39. Re3 a5 40. Qg4 a4 41. Rg3
Ra6 42. Nh6 Qxg4 43. Rxg4 Rf8 44. Nf5 Kh7 45. Rg3 Rf7 46. Rh2 Rb6 1/2-1/2

[Event "Druzynowe Mistrzostwa Polski Juniorow - I Liga 2023"]
[Site "Lublin"]
[Date "1899-12-30"]
[Round "6.48"]
[White "Siekanska, Zofia"]
[Black "Borowik, Monika"]
[Result "0-1"]
[WhiteTitle "II"]
[BlackTitle "I"]
[WhiteElo "1081"]
[BlackElo "1408"]

1. e4 c5 2. Nf3 Nc6 3. g3 g6 4. Bg2 Bg7 5. O-O d6 6. c3 Nf6 7. Re1 O-O 8. d4 cxd4
9. cxd4 Qb6 10. Nc3 Bg4 11. d5 Ne5 12. h3 Nxf3+ 13. Bxf3 Bxh3 14. Kh2 Ng4+ 15.
Bxg4 Bxg4 16. Qd2 Rac8 17. Kg2 Rc4 18. Qd3 Rfc8 19. Rb1 Qc7 20. Bd2 Rd4 21. Qe3
Qc4 22. Rf1 Rd3 23. Qe1 Bf3+ 24. Kg1 Qd4 25. Be3 Qe5 26. Ne2 Qh5 0-1

[Event "Druzynowe Mistrzostwa Polski Juniorow - I Liga 2023"]
[Site "Lublin"]
[Date "1899-12-30"]
[Round "6.49"]
[White "Kozlowski, Franciszek"]
[Black "Kubik, Rafal"]
[Result "0-1"]
[WhiteTitle "I+"]
[BlackTitle "I++"]
[WhiteElo "1900"]
[BlackElo "2055"]

1. Nf3 Nf6 2. c4 g6 3. Nc3 Bg7 4. h4 c5 5. d3 Nc6 6. g3 b6 7. Bg2 Bb7 8. e4 d6
9. Bf4 e5 10. Bg5 h6 11. Be3 Nd4 12. Bxd4 cxd4 13. Qa4+ Nd7 14. Nb5 Qb8 15. h5
Bc6 16. hxg6 a6 17. gxf7+ Kxf7 18. Qd1 axb5 19. cxb5 Bb7 20. Rh5 Nf6 21. Rf5 Bc8
22. Nxe5+ dxe5 23. Qh5+ Ke7 24. Qg6 Rf8 25. Rc1 Rf7 26. Rxc8 Qxc8 27. Rxe5+ Kf8
28. Bh3 Qxh3 29. Rf5 Rxa2 0-1

[Event "Druzynowe Mistrzostwa Polski Juniorow - I Liga 2023"]
[Site "Lublin"]
[Date "1899-12-30"]
[Round "6.50"]
[White "Piechota, Kamil"]
[Black "Duda, Szymon"]
[Result "1-0"]
[WhiteTitle "I"]
[BlackTitle "I+"]
[WhiteElo "1685"]
[BlackElo "1928"]

1. e4 e5 2. Nf3 Nc6 3. Bc4 Bc5 4. O-O Nf6 5. d3 d6 6. c3 a6 7. Bb3 Ba7 8. Re1 O-O
9. Be3 Bxe3 10. fxe3 d5 11. exd5 Nxd5 12. Nbd2 Nf6 13. d4 Bg4 14. Qb1 Qe7 15.
Ng5 h6 16. Nge4 Rad8 17. h3 Be6 18. Rf1 Nd5 19. Qe1 b5 20. Nc5 Bc8 21. Qg3 Kh8
22. Qf3 Qd6 23. Nde4 Qe7 24. Ng3 Qd6 25. Nh5 Nce7 26. Rad1 f5 27. Kh1 e4 28. Qe2
g6 29. Nf4 Rf6 30. Rde1 Rdf8 31. Nxd5 Nxd5 32. c4 bxc4 33. Bxc4 g5 34. Qh5 Nxe3
35. Nxe4 fxe4 36. Rxf6 Qxf6 37. Rxe3 Bf5 38. Ra3 Ra8 39. Rxa6 Qxa6 40. Bxa6 Rxa6
41. Qe8+ Kg7 42. Qe5+ Kg6 43. g4 Be6 44. Qxe4+ Kg7 45. d5 Bf7 46. Qc4 Rd6 47.
Qxc7 Rxd5 48. Qc3+ Kg8 49. a4 Rd1+ 50. Kh2 Bd5 51. Kg3 Rg1+ 52. Kf2 Rg2+ 53. Kf1
Kf7 54. a5 Ke6 55. a6 Rh2 56. Qc8+ Kf6 57. Qf8+ Ke6 58. Qxh6+ Ke5 59. Qxg5+ Ke4
60. Qf5+ Kd4 61. Qf4+ 1-0

[Event "Druzynowe Mistrzostwa Polski Juniorow - I Liga 2023"]
[Site "Lublin"]
[Date "1899-12-30"]
[Round "6.51"]
[White "Lapczynski, Jacek"]
[Black "Niesporek, Franciszek"]
[Result "0-1"]
[WhiteTitle "II"]
[BlackTitle "I"]
[WhiteElo "1222"]
[BlackElo "1644"]

1. d4 Nf6 2. c4 e6 3. Nc3 Bb4 4. Qc2 O-O 5. Nf3 d5 6. a3 Bxc3+ 7. Qxc3 dxc4 8.
Qxc4 b6 9. Bg5 Bb7 10. e3 Nbd7 11. Be2 c5 12. O-O cxd4 13. Qxd4 Qe7 14. Rfd1 Rfd8
15. Qa4 Bd5 16. Rac1 Nc5 17. Bxf6 Qxf6 18. Qd4 Qg6 19. Bd3 Nxd3 20. Qxd3 Qf6 21.
Qe2 Rac8 22. b4 h6 23. Nd4 Qg6 24. f3 h5 25. e4 Rxc1 26. Rxc1 Bxe4 27. Qe3 Bd5
28. Kf2 h4 29. Nb5 h3 30. g3 Qf6 31. Qc3 Qxc3 32. Rxc3 a6 33. Na7 Bb7 34. Rc2
Rd3 35. a4 Rxf3+ 36. Ke2 Ra3 0-1

[Event "Druzynowe Mistrzostwa Polski Juniorow - I Liga 2023"]
[Site "Lublin"]
[Date "1899-12-30"]
[Round "6.52"]
[White "Karwot, Marek"]
[Black "Chmiel, Krzysztof"]
[Result "1-0"]
[WhiteTitle "II+"]
[BlackTitle "II"]
[WhiteElo "1594"]
[BlackElo "1298"]

1. e4 e5 2. Nf3 Nf6 3. d4 Nxe4 4. Bd3 d5 5. Nxe5 Nd7 6. Nc3 Nxc3 7. bxc3 Nxe5 8.
dxe5 Be7 9. O-O O-O 10. Rb1 b6 11. Be3 Bb7 12. Qg4 Re8 13. e6 g6 14. f4 Bf6 15.
f5 Kh8 16. fxg6 fxg6 17. Rxf6 c5 18. Rf7 Bc8 19. Rxh7+ Kxh7 20. Qxg6+ Kh8 21.
Qh7# 1-0

[Event "Druzynowe Mistrzostwa Polski Juniorow - I Liga 2023"]
[Site "Lublin"]
[Date "1899-12-30"]
[Round "6.53"]
[White "Slusarczyk, Anna"]
[Black "Bugaj, Hanna"]
[Result "1-0"]
[WhiteTitle "I++"]
[BlackTitle "I++"]
[WhiteElo "1735"]
[BlackElo "1657"]

1. d4 Nf6 2. Nf3 e6 3. a3 b6 4. c4 Ba6 5. e3 g6 6. Bd3 Bb7 7. Nc3 c5 8. e4 cxd4
9. Nxd4 d6 10. O-O Bg7 11. Be3 O-O 12. f3 a6 13. Qd2 Nbd7 14. Be2 Qc7 15. Rac1
Rac8 16. b4 Rfd8 17. Nb3 Qb8 18. Rfd1 Bf8 19. Bf4 Ne5 20. Qd4 Nfd7 21. Bg5 Re8
22. f4 Nc6 23. Qf2 Rc7 24. f5 exf5 25. exf5 Nce5 26. Nd5 Bxd5 27. Rxd5 Qc8 28.
Rd4 h6 29. Bd2 g5 30. h4 f6 31. Re4 Nc6 32. Re6 Be7 33. Bf3 Nce5 34. Bd5 Kg7 35.
hxg5 hxg5 36. Qe2 Nf8 37. Nd4 b5 38. Qh5 bxc4 39. Rxe5 dxe5 40. Qf7+ Kh6 41. Rc3
1-0